000 00473nam a2200169Ia 4500
999 _c10641
_d10641
003 OSt
005 20191231102125.0
008 190216s9999||||xx |||||||||||||| ||und||
040 _coclc
082 _a330
_bDHI/E
100 _aDhingra, Ishwar C
_9494
245 0 _aElements Of Economics /
_cI C Dhingra
260 _bSulthan Chand&Sons,
_c2001.
_aNew Delhi:
300 _a413 p
650 _aEconomics
942 _cBK
_2ddc
_h330
_iDHI/E
_k330
_mDHI/E